Online Catalogue and eLibrary

The unknown mayhew : (Record no. 2623)

MARC details
000 -LEADER
fixed length control field 00471nam a2200181Ia 4500
005 - DATE AND TIME OF LATEST TRANSACTION
control field 20240514015517.0
008 - FIXED-LENGTH DATA ELEMENTS--GENERAL INFORMATION
fixed length control field 240331s9999 xx 000 0 und d
082 ## - DDC Classification
Item Number - Author Mark UNK
Class No. 331.11
100 ## - MAIN ENTRY--PERSONAL NAME
Personal name
245 #4 - TITLE STATEMENT
Title The unknown mayhew :
Remainder of title selections from the morning chronicle 1849-50
250 ## - EDITION STATEMENT
Edition statement 1 st
260 ## - PUBLICATION, DISTRIBUTION, ETC.
Place of publication, distribution, etc. England
Name of publisher, distributor, etc. The Merlin Press
Date of publication, distribution, etc. 1971
300 ## - PHYSICAL DESCRIPTION
Extent (e.g. Volumes, Pages etc.) 591, p .,
650 ## - SUBJECT ADDED ENTRY--TOPICAL TERM
Topical term or geographic name entry element women
700 ## - ADDED ENTRY--PERSONAL NAME
Personal name Thompson, E.P.
Relator term (Role) Editor
700 ## - ADDED ENTRY--PERSONAL NAME
Personal name Yeo, Eileen
Relator term (Role) Editor
942 ## - Koha item type (Biblio)
Koha item type Books in Stacks (Lending)
Holdings
Lost status Damaged status Collection code Home library Current library Shelving location Date acquired Full call number Accession Number Item type
    Lending WERC Library WERC Library Social Science Cupboard 03/31/2024 331.11 UNK 322 Books in Stacks (Lending)

© WERC Library